000
00312nam a22001337a 4500
999
_c
532400
_d
532400
003
NUST
038
_a
M.Ramzan
082
_a
628.114
_b
CHA
100
_a
Chang, Ni-Bin.
_9
25794
245
_a
Effects of urbanization on ground water /
260
_a
Virginia:
_b
ASCE,
_c
2010
300
_a
556 p, :
942
_2
ddc
_c
BK